000 02247nam a2200301 4500
001 445
003 OSt
005 20250701104710.0
008 250701b |||||||g |||| 00| j eng d
020 _a9788508134830
040 _bpor
041 _apor
082 _a028.5
_bB214g
100 1 _aBandeira, Pedro
_d1942-
_9977
245 _aO Grande Desafio /
_cBandeira, Pedro ; Ilustrações de Kris Zullo
250 _a8 ed.
260 _aSão Paulo
_bÁtica
_c2010
300 _a160 p.
_bil.
520 _aToni se destaca em tudo. É um dos melhores alunos da escola, excelente nadador e fera em computadores. Ele pode fazer tudo o que um garoto de sua idade é capaz. Ou quase tudo... Inseguro em relação a garotas, Toni não sabe o que fazer para conquistar Carla. A distância entre os dois desaparece no dia em que o pai da garota é preso. Toni não acredita na culpa de seu Afonso e, com a ajuda de Carla, tenta desvendar o mistério por trás do crime. Conspirações e terríveis segredos escondem-se entre as paredes do conceituado Colégio Professora Cidinha Moura. Para superar os obstáculos e descobrir a verdade, Toni precisará de muita coragem e determinação. Mas isso ele tem de sobra... O repúdio à censura, o horror a qualquer tipo de violência, a lembrança das pessoas presas e desaparecidas tiveram, sem dúvida, parte grande na matéria que fecunda o misterioso momento da criação das histórias dos Karas. Talvez se deva a esta sábia mistura entre o individual e o coletivo, que há mais de vinte anos a turma dos Karas - Miguel, Calu, Crânio, Magrí e Chumbinho - alimente o desejo de aventura, o entusiasmo pela vida e a crença nos jovens que são a marca de bons livros infantis e juvenis. A expressão que define a turma - o avesso dos coroas, o contrário dos caretas - tem apelo forte para um público jovem ao frisar o caráter contestador e ousado dos heróis das histórias, exemplares do contagioso protagonismo da juventude.
650 0 _aLiteratura Brasileira
_9205
650 0 _aInfantojuvenil
_9200
650 0 _aRomance juvenil
_9981
650 0 _aAmizade
_9556
655 0 _aRomance
_923
655 0 _aFicção
_922
700 _aKris Zullo
_eILUSTRADOR
_9980
942 _2ddc
_n0
_cBK
999 _c445
_d445